[Event "British Chess Championships 2023: U12 Championship"]
[Site "The Venue, De Montfort University, 20 Western Boulevard, Leicester, LE2 7BU"]
[Date "2023.07.25"]
[Round "1"]
[Board "24"]
[White "Lukhi, Neev"]
[Black "Hilmi, Sofia"]
[Result "1-0"]
[WhiteElo "1588"]
[BlackElo "1128"]
[PlyCount "79"]
[EventDate "2023.07.25"]
[EventRounds "7"]
[EventCountry "ENG"]

1. d4 d5 2. Bf4 Nc6 3. e3 a6 4. c3 Nf6 5. Bd3 e6 6. Nf3 Bd6 7. Bg3 O-O 8. Qc2 h6
9. Nbd2 Re8 10. Ne5 Bxe5 11. dxe5 Nh5 12. Nf3 b5 13. Bh4 Qd7 14. g4 g5 15. Bxg5 hxg5
16. gxh5 g4 17. Rg1 Kf8 18. Rxg4 Ke7 19. h6 Rh8 20. h7 Bb7 21. Ke2 Raf8 22. Rag1
Qd8 23. Rg7 Qe8 24. R1g3 Kd8 25. Qc1 Ne7 26. Qg1 c5 27. Ng5 Kd7 28. Rf3 d4 29. Be4
Bxe4 30. Nxe4 Nf5 31. Nf6+ Ke7 32. Nxe8 Kxe8 33. Rxf5 exf5 34. exd4 cxd4 35. cxd4
Ke7 36. Qg5+ Kd7 37. Rg8 Ke8 38. Qg7 Rfxg8 39. Qxg8+ Rxg8 40. hxg8=Q+  1-0

[Event "British Chess Championships 2023: U12 Championship"]
[Site "The Venue, De Montfort University, 20 Western Boulevard, Leicester, LE2 7BU"]
[Date "2023.07.25"]
[Round "1"]
[Board "25"]
[White "Burgess, Rose"]
[Black "Sisupalan, Beni"]
[Result "0-1"]
[WhiteElo "1074"]
[BlackElo "1476"]
[PlyCount "82"]
[EventDate "2023.07.25"]
[EventRounds "7"]
[EventCountry "ENG"]

1. e4 e5 2. Nf3 Nc6 3. Bc4 Bc5 4. Nc3 d6 5. d3 Nf6 6. h3 Be6 7. Nd5 Bxd5 8. Bxd5
Nxd5 9. exd5 Ne7 10. c4 Nf5 11. Qa4+ Qd7 12. Qxd7+ Kxd7 13. Bd2 Nd4 14. Nxd4 Bxd4
15. Bc3 Bxc3+ 16. bxc3 b6 17. O-O Rae8 18. Rfe1 Rhf8 19. Re3 g6 20. a4 a5 21. Kh2
f5 22. g3 h6 23. Rae1 g5 24. Rf3 e4 25. dxe4 fxe4 26. Rxf8 Rxf8 27. Kg2 Rf3 28. Re3
Rxe3 29. fxe3 c6 30. g4 cxd5 31. cxd5 b5 32. Kf2 bxa4 33. Ke2 a3 34. Kd2 a2 35. c4
a1=Q 36. c5 Qb2+ 37. Kd1 dxc5 38. d6 c4 39. h4 c3 40. hxg5 c2+ 41. Kd2 c1=R#  0-1

[Event "British Chess Championships 2023: U12 Championship"]
[Site "The Venue, De Montfort University, 20 Western Boulevard, Leicester, LE2 7BU"]
[Date "2023.07.25"]
[Round "1"]
[Board "26"]
[White "Beattie, Conor"]
[Black "Shah, Samuel"]
[Result "1-0"]
[WhiteElo "1570"]
[BlackElo "1074"]
[PlyCount "49"]
[EventDate "2023.07.25"]
[EventRounds "7"]
[EventCountry "ENG"]

1. c4 Nf6 2. Nc3 e6 3. e4 Nc6 4. Nf3 e5 5. Be2 Bc5 6. Nxe5 Nxe5 7. d4 Bb4 8. dxe5
Nxe4 9. Qd4 Nxc3 10. bxc3 Be7 11. Qg4 Rg8 12. Bf4 d6 13. Qg3 Be6 14. Rd1 g5 15. exd6
cxd6 16. Bxd6 Bxd6 17. Rxd6 Qf6 18. O-O Ke7 19. Rfd1 Rad8 20. Qd3 Rxd6 21. Qxd6+
Ke8 22. Qb8+ Ke7 23. Qxg8 Bf5 24. Qd8+ Ke6 25. Qd6#  1-0

[Event "British Chess Championships 2023: U12 Championship"]
[Site "The Venue, De Montfort University, 20 Western Boulevard, Leicester, LE2 7BU"]
[Date "2023.07.25"]
[Round "1"]
[Board "27"]
[White "Ho, Magus"]
[Black "Sui, Yueyue"]
[Result "0-1"]
[WhiteElo "1071"]
[BlackElo "1512"]
[PlyCount "48"]
[EventDate "2023.07.25"]
[EventRounds "7"]
[EventCountry "ENG"]

1. d4 Nf6 2. Bf4 d5 3. e3 c5 4. c3 Nc6 5. Nf3 Qb6 6. Qb3 c4 7. Qc2 Bf5 8. Qc1 e6
9. Nbd2 Be7 10. Nh4 Bg6 11. Nxg6 hxg6 12. f3 Nh5 13. g3 g5 14. Be5 Nxe5 15. dxe5
Qxe3+ 16. Kd1 Nxg3 17. Bg2 Qe2+ 18. Kc2 Qd3+ 19. Kd1 Nxh1 20. Bf1 Nf2+ 21. Ke1 Qe3+
22. Be2 Nd3+ 23. Kd1 Rxh2 24. Nf1 Qxe2#  0-1

[Event "British Chess Championships 2023: U12 Championship"]
[Site "The Venue, De Montfort University, 20 Western Boulevard, Leicester, LE2 7BU"]
[Date "2023.07.25"]
[Round "1"]
[Board "28"]
[White "Chu, Edward"]
[Black "Bedford, Henry"]
[Result "1-0"]
[WhiteElo "1550"]
[BlackElo "1025"]
[PlyCount "59"]
[EventDate "2023.07.25"]
[EventRounds "7"]
[EventCountry "ENG"]

1. d4 d5 2. c4 c6 3. cxd5 cxd5 4. Nc3 Nf6 5. Nf3 g6 6. Bf4 Bg7 7. e3 O-O 8. Bd3 Nc6
9. O-O Bg4 10. h3 Bd7 11. Rc1 Re8 12. Qb3 Qb6 13. Qc2 Nb4 14. Qd1 Nxd3 15. Qxd3 Bc6
16. Qc2 Rac8 17. Rfd1 Ne4 18. Nxe4 dxe4 19. Ne5 Ba4 20. Qxa4 Qxb2 21. Rxc8 Rxc8 22.
Kh2 e6 23. Qxa7 Qxf2 24. Qxb7 Rc2 25. Qxf7+ Kh8 26. Qe8+ Bf8 27. Nf7+ Kg8 28. Nh6+
Kh8 29. Be5+ Qf6 30. Bxf6#  1-0

[Event "British Chess Championships 2023: U12 Championship"]
[Site "The Venue, De Montfort University, 20 Western Boulevard, Leicester, LE2 7BU"]
[Date "2023.07.25"]
[Round "1"]
[Board "29"]
[White "Ding, Yihua"]
[Black "Ranasinghe, Chaniru"]
[Result "0-1"]
[WhiteElo "977"]
[BlackElo "1524"]
[PlyCount "134"]
[EventDate "2023.07.25"]
[EventRounds "7"]
[EventCountry "ENG"]

1. d4 Nf6 2. c4 g6 3. Nf3 Bg7 4. Nc3 O-O 5. e3 d6 6. Bd3 Nbd7 7. O-O e5 8. Re1 Qe7
9. Qc2 Nb6 10. b3 Ne8 11. d5 f5 12. e4 f4 13. Bb2 g5 14. h3 g4 15. hxg4 Bxg4 16.
Be2 Bf6 17. Nh2 Bxe2 18. Qxe2 Rf7 19. Qg4+ Rg7 20. Qe6+ Qxe6 21. dxe6 Re7 22. Nd5
Rxe6 23. Ng4 Nxd5 24. exd5 Re7 25. Rf1 Rg7 26. Nh2 Be7 27. Nf3 Nf6 28. Rfe1 Kf7 29.
Kf1 Rag8 30. Nh4 Rg5 31. Ke2 Rh5 32. Rh1 Rg4 33. g3 fxg3 34. fxg3 Rxg3 35. Nf3 Rxh1
36. Rxh1 Rg2+ 37. Kd3 e4+ 38. Ke3 Rxb2 39. Ng5+ Kg6 40. Nxe4 Nxe4 41. Kxe4 Rxa2 42.
Rg1+ Bg5 43. Kd4 h5 44. Ke4 h4 45. Kf3 Rb2 46. Rg2 Rxb3+ 47. Ke4 Rg3 48. Rxg3 hxg3
49. Kf3 Bf4 50. Kg2 a5 51. Kf3 a4 52. c5 a3 53. cxd6 a2 54. dxc7 Bxc7 55. d6 a1=Q
56. dxc7 Qc3+ 57. Kf4 Qxc7+ 58. Kf3 g2 59. Kxg2 Qc3 60. Kf2 Qd3 61. Kg2 Qe3 62. Kf1
Qd2 63. Kg1 Qe2 64. Kh1 Kg5 65. Kg1 Kg4 66. Kh1 Kg3 67. Kg1 Qg2#  0-1

[Event "British Chess Championships 2023: U12 Championship"]
[Site "The Venue, De Montfort University, 20 Western Boulevard, Leicester, LE2 7BU"]
[Date "2023.07.25"]
[Round "1"]
[Board "30"]
[White "Chandrashekhar, Druha"]
[Black "Ding, Yicheng"]
[Result "1-0"]
[WhiteElo "1516"]
[BlackElo "944"]
[PlyCount "55"]
[EventDate "2023.07.25"]
[EventRounds "7"]
[EventCountry "ENG"]

1. Nf3 Nf6 2. Nc3 a6 3. e4 c5 4. Bc4 b5 5. Be2 d6 6. d3 e6 7. O-O Be7 8. Bf4 Bb7
9. Re1 O-O 10. e5 dxe5 11. Nxe5 Bd6 12. Bf3 Qb6 13. a4 Bxf3 14. Qxf3 Bxe5 15. Bxe5
Nbd7 16. axb5 Nxe5 17. Rxe5 Qb8 18. Rxc5 axb5 19. Rxa8 Qxa8 20. Rxb5 Qa1+ 21. Qd1
Qa7 22. h3 Rd8 23. Qf3 Qd7 24. Rb7 Qd4 25. Ne4 h6 26. Nxf6+ gxf6 27. Qg3+ Kh7 28.
Rxf7+  1-0

[Event "British Chess Championships 2023: U12 Championship"]
[Site "The Venue, De Montfort University, 20 Western Boulevard, Leicester, LE2 7BU"]
[Date "2023.07.25"]
[Round "1"]
[Board "31"]
[White "Sandhu, Rohan"]
[Black "Ding, Yiwen"]
[Result "0-1"]
[WhiteElo "926"]
[BlackElo "1511"]
[PlyCount "52"]
[EventDate "2023.07.25"]
[EventRounds "7"]
[EventCountry "ENG"]

1. d4 d5 2. Bf4 Nf6 3. e3 b6 4. Nf3 Bg4 5. c3 e6 6. Nbd2 c5 7. Bd3 c4 8. Bc2 Nc6
9. O-O Bd6 10. Bg3 Bxg3 11. hxg3 h5 12. Qe1 Bxf3 13. gxf3 h4 14. Kg2 h3+ 15. Kh2
b5 16. a4 b4 17. cxb4 Nxb4 18. Qc1 Rc8 19. a5 Nd7 20. e4 c3 21. Nb1 cxb2 22. Qxb2
Nxc2 23. Ra2 Qf6 24. Rc1 Qxf3 25. Rg1 Qxf2+ 26. Kh1 h2  0-1

[Event "British Chess Championships 2023: U12 Championship"]
[Site "The Venue, De Montfort University, 20 Western Boulevard, Leicester, LE2 7BU"]
[Date "2023.07.25"]
[Round "1"]
[Board "32"]
[White "Brown, John"]
[Black "Sun, Bobby"]
[Result "1-0"]
[WhiteElo "1486"]
[BlackElo "853"]
[PlyCount "69"]
[EventDate "2023.07.25"]
[EventRounds "7"]
[EventCountry "ENG"]

1. e4 e5 2. Nf3 Nc6 3. Bc4 Nf6 4. d3 Bc5 5. c3 O-O 6. O-O d6 7. a4 Bg4 8. b4 Bxf3
9. Qxf3 Nxb4 10. cxb4 Bxb4 11. Bd2 Bxd2 12. Nxd2 c6 13. Rfe1 d5 14. Ba2 Qa5 15. Red1
Qxa4 16. Bxd5 Qd4 17. Bc4 b5 18. Bb3 h6 19. Qg3 Nh5 20. Qe3 Rfd8 21. Qxd4 Rxd4 22.
Nf3 Rb4 23. Rdb1 Rd8 24. Bxf7+ Kxf7 25. Rxb4 Rxd3 26. Rxa7+ Rd7 27. Rxd7+ Kg8 28.
Nxe5 Nf6 29. Rd8+ Kh7 30. Nxc6 Ng8 31. Rxb5 g5 32. Rbb8 Ne7 33. Nxe7 g4 34. Rf8 g3
35. Rf7#  1-0

[Event "British Chess Championships 2023: U12 Championship"]
[Site "The Venue, De Montfort University, 20 Western Boulevard, Leicester, LE2 7BU"]
[Date "2023.07.25"]
[Round "1"]
[Board "33"]
[White "Walsh, Isabella"]
[Black "Blin, Henri"]
[Result "0-1"]
[WhiteElo "738"]
[BlackElo "1211"]
[PlyCount "100"]
[EventDate "2023.07.25"]
[EventRounds "7"]
[EventCountry "ENG"]

1. e4 c5 2. Nf3 d6 3. Nc3 Nf6 4. d3 g6 5. d4 cxd4 6. Nxd4 Bg7 7. Nd5 Nxe4 8. Qd3
Qa5+ 9. Bd2 Qxd5 10. Nf3 Qxd3 11. Bxd3 Nxd2 12. Nxd2 Nc6 13. O-O-O O-O 14. Rhe1 Be6
15. b3 Rac8 16. Bc4 Bxc4 17. Nxc4 Ne5 18. Re4 Nxc4 19. bxc4 Rc7 20. Rde1 Bf6 21.
f4 Rfc8 22. g4 e6 23. g5 Bg7 24. h4 Rxc4 25. Rxc4 Rxc4 26. Rd1 d5 27. Rf1 Rc3 28.
Kd2 Rh3 29. a4 Rxh4 30. a5 Rh2+ 31. Kc1 Bc3 32. Rd1 Rf2 33. Rd3 Rf1+ 34. Rd1 Rxd1+
35. Kxd1 Kf8 36. Ke2 Bxa5 37. Ke3 Bc3 38. Kd3 d4 39. Kc4 a5 40. Kb3 b5 41. Ka2 a4
42. Ka3 Ke7 43. Ka2 b4 44. f5 exf5 45. Kb1 f4 46. Kc1 f3 47. Kd1 Kd7 48. Kc1 f2 49.
Kb1 f1=R+ 50. Ka2 Ra1#  0-1

[Event "British Chess Championships 2023: U12 Championship"]
[Site "The Venue, De Montfort University, 20 Western Boulevard, Leicester, LE2 7BU"]
[Date "2023.07.25"]
[Round "1"]
[Board "34"]
[White "Paintin, Zac"]
[Black "Gullapelly, Kshetragna"]
[Result "0-1"]
[WhiteElo "1458"]
[BlackElo "543"]
[PlyCount "86"]
[EventDate "2023.07.25"]
[EventRounds "7"]
[EventCountry "ENG"]

1. d4 Nc6 2. Nf3 Nf6 3. Bf4 d5 4. e3 e6 5. Nc3 Bd6 6. Bd3 Bxf4 7. exf4 O-O 8. O-O
Bd7 9. Re1 Qe8 10. f5 Rd8 11. Nb5 Rc8 12. Ne5 Nxe5 13. dxe5 Ne4 14. Qg4 g6 15. fxg6
fxg6 16. Re2 h5 17. Qh3 Bxb5 18. Bxb5 Qxb5 19. Qxe6+ Kg7 20. Rae1 Rce8 21. Qh3 Rxe5
22. Qd3 Qxb2 23. c4 Qb6 24. Qe3 d4 25. Qd3 Rf4 26. g3 Rg4 27. Rxe4 Rgxe4 28. Rxe4
Rxe4 29. Qxe4 Qd6 30. Kf1 d3 31. Ke1 Qb4+ 32. Kd1 Qb1+ 33. Kd2 Qc2+ 34. Ke3 Qe2+
35. Kd4 Qxe4+ 36. Kxe4 d2 37. Kd5 d1=Q+ 38. Kc5 Qd6+ 39. Kb5 a6+ 40. Ka5 Qc6 41.
Kb4 b5 42. c5 Qe4+ 43. Ka5 Qa4#  0-1

[Event "British Chess Championships 2023: U12 Championship"]
[Site "The Venue, De Montfort University, 20 Western Boulevard, Leicester, LE2 7BU"]
[Date "2023.07.26"]
[Round "2"]
[Board "1"]
[White "Soulier, Alfred"]
[Black "Rughani, Mahin"]
[Result "1-0"]
[WhiteElo "1757"]
[BlackElo "1687"]
[PlyCount "0"]
[EventDate "2023.07.25"]
[EventRounds "7"]
[EventCountry "ENG"]

1. e4 d6 2. d4 Nf6 3. Nc3 c6 4. f4 Qc7 5. Nf3 Nbd7 6. Bd3 e5 7. O-O Be7 8. Kh1 h6
9. dxe5 dxe5 10. f5 b5 11. a3 a5 12. Qe2 Bc5 13. Bd2 Bb7 14. Nd1 O-O 15. Nf2 Qb6
16. Nh3 Rfd8 17. b4 axb4 18. axb4 Bf8 19. Nf2 Rdb8 20. g4 Qc7 21. g5 hxg5 22. Nxg5
Rxa1 23. Rxa1 g6 24. Rg1 Bg7 25. fxg6 fxg6 26. Qe3 Qd6 27. Nf3 Kf7 28. Nh4 Nf8 29.
Ng4 Nh5 30. Nh6+ Ke8 31. Qf3 Nf4 32. Bxf4 exf4 33. N6f5 Qf6 34. Qxf4 Rd8 35. Nxg7+
Qxg7 36. Qg5 Rd6 37. Nf5 Qf6 38. Nxd6+ Qxd6 39. Qg3 Qd8 40. Qe5+ Kf7 41. Rf1+ Kg8
42. Qf6 Qxf6 43. Rxf6 Kg7 44. Rf1 Ne6 45. Kg2 g5 46. Kg3 c5 47. c3 c4 48. Bc2 Nf4
49. Rf2 Ne6 50. Rf5 Bc6 51. Kg4 Bd7 52. Rxg5+ Nxg5+ 53. Kxg5 Bh3 54. e5 Be6 55. Bf5
Bg8 56. h4 Kf7 57. h5 Kg7 58. h6+ Kh8 59. Kf6 Bd5 60. e6 Bxe6 61. Bxe6 Kh7 62. Bd7
Kxh6 63. Bxb5 Kh7 64. Bxc4 Kh6 65. b5 Kh5 66. b6 Kh6 67. b7 Kh5 68. b8=Q Kg4 69.
Be2+ Kh3 70. Qg8 Kh2 71. Bf3 Kh3 72. Qg2+ Kh4 73. Qh2#  1-0

[Event "British Chess Championships 2023: U12 Championship"]
[Site "The Venue, De Montfort University, 20 Western Boulevard, Leicester, LE2 7BU"]
[Date "2023.07.26"]
[Round "2"]
[Board "2"]
[White "Kilambi, Venkata Ananth Akshay"]
[Black "Nguyen, Anh"]
[Result "0-1"]
[WhiteElo "1533"]
[BlackElo "1664"]
[PlyCount "0"]
[EventDate "2023.07.25"]
[EventRounds "7"]
[EventCountry "ENG"]

1. c4 c5 2. Nf3 g6 3. d4 cxd4 4. Nxd4 Nc6 5. e4 Nf6 6. Nc3 d6 7. Be2 Nxd4 8. Qxd4
Bg7 9. Be3 O-O 10. Qd2 a5 11. a4 Be6 12. f3 Rc8 13. Nd5 Bxd5 14. cxd5 Nd7 15. O-O
Nc5 16. Ra3 Qb6 17. Bb5 Ra8 18. Qf2 Rfc8 19. Rc1 Rc7 20. Rc2 Qa7 21. Ra1 Rac8 22.
Rac1 b6 23. Rd1 Qb8 24. Bc6 Qa7 25. Kh1 Rb8 26. Bxc5 bxc5 27. Bb5 Rb6 28. b3 Rxb5
29. axb5 Qb6 30. Qe2 Rb7 31. g3 Qxb5 32. Qxb5 Rxb5 33. Rd3 Kf8 34. Kg2 Ke8 35. f4
Kd7 36. Kf3 Kc7 37. Ra2 h5 38. Ra4 f5 39. h3 Kb6 40. exf5 gxf5 41. Ke2 Ka6 42. Kd2
Bf6 43. Kc2 Rb8 44. h4 Kb5 45. Rd1 Rg8 46. Rd3 Bd4 47. Rf3 Rc8 48. Rc4 Rg8 49. Ra4
Rg7 50. Kd3 Bg1 51. Ke2 Rg8 52. Ra1 Bd4 53. Ra4 Rg6 54. Kd3 Bg1 55. Ra2 Bd4 56. Re2
Bf6 57. Rfe3 Rg7 58. Rf3 Kb4 59. Kc2 Rg8 60. Ree3 Ra8 61. Rd3 a4 62. bxa4 Rxa4 63.
Rb3+ Kc4 64. Rfd3 Ra7 65. Kd2 Bd4 66. Ke2 Kxd5 67. Rd2 Ke4 68. Rd1 Ra2+ 69. Ke1 Ra7
70. Kf1 Rc7 71. Re1+ Kd5 72. Rb8 Bf6 73. Ke2 Ke6 74. Kd3+ Kf7 75. Kc4 Ra7 76. Kd5
Ra3 77. Rg1 Rd3+ 78. Kc6 c4 79. Rbb1 c3 80. Rbc1 Rd2 81. Rgd1 Rg2 82. Rg1 Re2 83.
Rge1 Ra2 84. Ra1 Rb2 85. Rac1 Rb4 86. Rc2 Ra4 87. Kb5 Rd4 88. Rxc3 Rd5+ 89. Kc6 Bxc3
90. Re3 Rc5+ 91. Kd7 Bf6 92. Rd3 d5 93. Rb3 d4 94. Rd3 Rc3 95. Rd2 Rxg3 96. Kc6 d3
97. Kd5 Bc3 98. Rd1 d2 99. Kc4 Re3 100. Kb3 Re1 101. Kc2 Rxd1 102. Kxd1 Ke6 103.
Ke2 Kd5 104. Kd1 Ke4 105. Ke2 Kxf4 106. Kd1 Ke3 107. Kc2 Ke2 108. Kxc3 d1=Q 109.
Kc4 Qd3+ 110. Kc5 Ke3 111. Kb6 Qc4 112. Ka7 Qb5 113. Ka8 Kd4 114. Ka7 Kc5 115. Ka8
Kc6 116. Ka7 Qb7#  0-1

[Event "British Chess Championships 2023: U12 Championship"]
[Site "The Venue, De Montfort University, 20 Western Boulevard, Leicester, LE2 7BU"]
[Date "2023.07.26"]
[Round "2"]
[Board "3"]
[White "Pereslavtsev, Alexandr"]
[Black "Pandya, Dhairya"]
[Result "1-0"]
[WhiteElo "1555"]
[BlackElo "1569"]
[PlyCount "0"]
[EventDate "2023.07.25"]
[EventRounds "7"]
[EventCountry "ENG"]

1. d4 Nf6 2. Nf3 d5 3. c4 c6 4. Nc3 Bf5 5. Bg5 e6 6. e3 Qb6 7. Qb3 Qxb3 8. axb3 Nbd7
9. c5 Ne4 10. Nxe4 Bxe4 11. Nd2 Bg6 12. b4 a6 13. b5 f6 14. bxc6 bxc6 15. Bh4 a5
16. b4 a4 17. b5 Nb8 18. bxc6 Nxc6 19. Bb5 Kd7 20. Rxa4 Be7 21. O-O Rxa4 22. Bxa4
Ra8 23. Bb5 Ra5 24. Bxc6+ Kxc6 25. h3 Ra2 26. Nf3 Bd8 27. Bg3 Ba5 28. Bd6 Bc3 29.
Bf8 Bd3 30. Rc1 Bb2 31. Rd1 Bc2 32. Re1 Bc3 33. Rc1 Ba5 34. Bxg7 Bd8 35. Bf8 Bc7
36. Be7 f5 37. Bf6 Ba5 38. Bh4 Bb4 39. Kh2 h6 40. Bg3 Be4 41. h4 Bc2 42. h5 Be4 43.
Ne5+ Kb5 44. f3 Bc2 45. Bf4 Bd2 46. Rf1 Kb4 47. Bxh6 Ra8 48. Bf4 Kc3 49. h6 Bd3 50.
Rh1 Rh8 51. Ra1 Bc4 52. Ra7 Bb5 53. Re7 Be8 54. Rxe6 Be1 55. c6 Bf2 56. c7 Bb5 57.
Ng6 Rc8 58. h7 Bd7 59. Rb6 Re8 60. h8=Q Rxh8+ 61. Nxh8 Kd3 62. Rb8 Bxe3 63. Bxe3
Kxe3 64. c8=Q Bxc8 65. Rxc8 Kxd4 66. Kg3 Ke3 67. Re8+ Kd3 68. Kf2 f4 69. Ng6 d4 70.
Nxf4+ Kc2 71. Rd8 d3 72. Rxd3 Kb2 73. Ke2 Ka2 74. Rc3 Kb2 75. Kd2 Ka2 76. Kc2 Ka1
77. Ra3#  1-0

[Event "British Chess Championships 2023: U12 Championship"]
[Site "The Venue, De Montfort University, 20 Western Boulevard, Leicester, LE2 7BU"]
[Date "2023.07.26"]
[Round "2"]
[Board "4"]
[White "Kendall, Arthur"]
[Black "Ward, Cian"]
[Result "0-1"]
[WhiteElo "1438"]
[BlackElo "1630"]
[PlyCount "0"]
[EventDate "2023.07.25"]
[EventRounds "7"]
[EventCountry "ENG"]

1. e4 e6 2. d4 d5 3. e5 c5 4. c3 Nc6 5. Nf3 Qb6 6. Bd3 cxd4 7. cxd4 Bd7 8. Bc2 Nb4
9. O-O Nxc2 10. Qxc2 Ne7 11. Rd1 Nc6 12. a3 Rc8 13. Nc3 Na5 14. Be3 Nc4 15. Rab1
Qc7 16. Rdc1 Qa5 17. Ra1 Be7 18. b4 Qd8 19. Qb3 Nxe3 20. fxe3 O-O 21. Re1 Rc7 22.
Rac1 Qc8 23. a4 Bxa4 24. Qb2 Bd7 25. e4 dxe4 26. Nxe4 Bc6 27. Qc2 Bxb4 28. Re3 Ba5
29. Rf1 Bxe4 30. Qxe4 Rc1 31. Ng5 Rxf1+ 32. Kxf1 g6 33. Nxh7 Qc1+ 34. Kf2 Kxh7 35.
Qf4 Bd2 36. Rh3+ Kg8 37. Qf6 Qe1+ 38. Kf3 Qf1+ 39. Kg4 Qxf6 40. exf6 Rd8 41. Rd3
Ba5 42. h4 Bb6 43. d5 Rxd5 44. Rxd5 exd5 45. h5 gxh5+ 46. Kg5 a5 47. Kxh5 a4 48.
g4 a3 49. g5 a2 50. Kh6 a1=Q 51. g6 Qh1+ 52. Kg5 Be3+ 53. Kf5 Qe4#  0-1

[Event "British Chess Championships 2023: U12 Championship"]
[Site "The Venue, De Montfort University, 20 Western Boulevard, Leicester, LE2 7BU"]
[Date "2023.07.26"]
[Round "2"]
[Board "5"]
[White "Marsden, Rupert"]
[Black "Lukhi, Neev"]
[Result "1/2-1/2"]
[WhiteElo "1670"]
[BlackElo "1588"]
[PlyCount "0"]
[EventDate "2023.07.25"]
[EventRounds "7"]
[EventCountry "ENG"]

1. c4 e6 2. e4 d5 3. cxd5 exd5 4. exd5 Nf6 5. Nc3 Nxd5 6. Nf3 Nxc3 7. bxc3 c5 8.
Be2 g6 9. O-O Be6 10. d4 Bg7 11. Be3 O-O 12. Qd2 Nc6 13. Rfd1 Qa5 14. Bh6 cxd4 15.
Bxg7 Kxg7 16. cxd4 Qxd2 17. Rxd2 Rad8 18. Rad1 Nb4 19. Rb1 Nxa2 20. Rxb7 Rb8  1/2-1/2

[Event "British Chess Championships 2023: U12 Championship"]
[Site "The Venue, De Montfort University, 20 Western Boulevard, Leicester, LE2 7BU"]
[Date "2023.07.26"]
[Round "2"]
[Board "6"]
[White "Sisupalan, Beni"]
[Black "Vaidyanathan, Adithya"]
[Result "0-1"]
[WhiteElo "1476"]
[BlackElo "1559"]
[PlyCount "0"]
[EventDate "2023.07.25"]
[EventRounds "7"]
[EventCountry "ENG"]

1. e4 c5 2. Nf3 Nc6 3. d4 cxd4 4. Nxd4 Nf6 5. Nc3 g6 6. Be3 Bg7 7. f3 d6 8. Bc4 O-O
9. Qd2 a6 10. O-O-O Qc7 11. Bb3 Rd8 12. g4 Na5 13. Bh6 Nxb3+ 14. Nxb3 Bh8 15. h4
b5 16. h5 Bb7 17. hxg6 fxg6 18. g5 b4 19. Nd5 Nxd5 20. exd5 Rac8 21. Qe2 e5 22. Rd2
a5 23. Kb1 a4 24. Nc1 a3 25. Nb3 Ra8 26. Qe4 Ra4 27. bxa3 Rda8 28. Rc1 Rxa3 29. Qxb4
Rxa2 30. c4 R2a4 31. Qc3 e4 32. Qe3 Ra1+ 33. Kc2 Qxc4+ 34. Kd1 Qf1+ 35. Qe1 Qxf3+
36. Qe2 Qxb3+ 37. Rdc2 Rxc1+ 38. Kxc1 Ra1+ 39. Kd2 Qxd5+ 40. Ke3 Bd4+ 41. Kf4 Qe5+
42. Kg4 Rg1+ 43. Qg2 Rxg2+ 44. Rxg2 Bc8+ 45. Kh4 Qf4+ 46. Rg4 Qxg4#  0-1

[Event "British Chess Championships 2023: U12 Championship"]
[Site "The Venue, De Montfort University, 20 Western Boulevard, Leicester, LE2 7BU"]
[Date "2023.07.26"]
[Round "2"]
[Board "7"]
[White "Sefton, Adam"]
[Black "Beattie, Conor"]
[Result "1-0"]
[WhiteElo "1685"]
[BlackElo "1570"]
[PlyCount "0"]
[EventDate "2023.07.25"]
[EventRounds "7"]
[EventCountry "ENG"]

1. d4 e6 2. e4 d5 3. e5 c5 4. c3 Nc6 5. Nf3 Nge7 6. Bd3 cxd4 7. cxd4 Nf5 8. Bxf5
exf5 9. Nc3 Be6 10. Bf4 Be7 11. h4 Qb6 12. Qd2 Qa6 13. Qe2 Qxe2+ 14. Kxe2 O-O-O 15.
Bg5 a6 16. Bxe7 Nxe7 17. Nd2 Nc6 18. Nb3 b6 19. f4 Kb7 20. Rh3 f6 21. Rg3 Rd7 22.
a4 fxe5 23. fxe5 f4 24. Rd3 Bf5 25. Rd2 Nd8 26. a5 Ne6 27. axb6 Rc8 28. Ra5 Be4 29.
Nxe4 dxe4 30. Nc5+ Nxc5 31. Rxc5 Rcd8 32. e6 Re7 33. d5 Kxb6 34. Rc4 f3+ 35. gxf3
exf3+ 36. Kxf3 g6 37. Kf4 Rf8+ 38. Ke5 Rf5+ 39. Kd6 Ra7 40. Rc6+ Kb5 41. Rc7 Ra8
42. e7 Rf6+ 43. Kd7 Rff8 44. exf8=Q Rxf8 45. Ke7 Rg8 46. d6 Rg7+ 47. Kf8 g5 48. Rxg7
gxh4 49. d7 h3 50. d8=Q h2 51. Rg5+ Ka4 52. Qd3 h1=B 53. Qa3#  1-0

[Event "British Chess Championships 2023: U12 Championship"]
[Site "The Venue, De Montfort University, 20 Western Boulevard, Leicester, LE2 7BU"]
[Date "2023.07.26"]
[Round "2"]
[Board "8"]
[White "Sui, Yueyue"]
[Black "Yu, Rock"]
[Result "1/2-1/2"]
[WhiteElo "1512"]
[BlackElo "1658"]
[PlyCount "0"]
[EventDate "2023.07.25"]
[EventRounds "7"]
[EventCountry "ENG"]

1. d4 d6 2. c4 e5 3. dxe5 dxe5 4. Qxd8+ Kxd8 5. e4 Be6 6. Nf3 f6 7. Be3 c6 8. Nc3
Kc7 9. O-O-O Nd7 10. Be2 g5 11. h4 g4 12. Nd2 h5 13. Nb3 b6 14. f4 Bh6 15. Rhf1 Ne7
16. Bd2 Bxf4 17. Bxf4 exf4 18. Nd4 Bf7 19. Rxf4 Ng6 20. Rff1 Nxh4 21. g3 Ng6 22.
Nf5 Nge5 23. b3 a6 24. Rd2 Rad8 25. Rfd1 Nc5 26. Rxd8 Rxd8 27. Rxd8 Kxd8 28. Kd2
Bg6 29. Ke3 Ne6 30. Nd4 Ng5 31. b4 Bf7 32. c5 b5 33. a4 Kd7 34. axb5 axb5 35. Kf4
Nh3+ 36. Ke3 Ng5 37. Kf4 Ne6+ 38. Ke3 Nxd4 39. Kxd4 Bc4 40. Bxc4 Nxc4 41. Ne2 Ne5
42. Nf4 h4 43. gxh4 Nf3+ 44. Ke3 Nxh4 45. Kf2 Nf3 46. Kg3 Ne5 47. Kh4 Ke7 48. Kh5
g3 49. Kh4 g2 50. Nxg2 Nd3 51. Kg4 Nxb4 52. Ne1 Na6 53. Nd3 b4 54. Kf5 b3 55. e5
Nxc5 56. exf6+ Kd6 57. f7 Ke7 58. Nb2 Kxf7 59. Ke5 Ke7 60. Kd4 Kd6 61. Kc4 Ne4 62.
Kxb3 Kd5 63. Nd3 Nc5+ 64. Nxc5 Kxc5 65. Kc3 Kd5 66. Kd3 c5 67. Kc3 c4 68. Kc2 Kd4
69. Kd2 c3+ 70. Kc2 Kc4 71. Kc1 Kb3 72. Kb1 Ka3 73. Kc2 Kb4 74. Kc1 Kc4 75. Kc2 Kd4
76. Kc1 Ke3 77. Kc2 Kd4 78. Kc1 Ke4 79. Kc2 Kd4 80. Kc1 Kd3 81. Kd1 c2+ 82. Kc1 Kc3
 1/2-1/2

[Event "British Chess Championships 2023: U12 Championship"]
[Site "The Venue, De Montfort University, 20 Western Boulevard, Leicester, LE2 7BU"]
[Date "2023.07.26"]
[Round "2"]
[Board "9"]
[White "Ranasinghe, Chaniru"]
[Black "Walia, Shulin"]
[Result "0-1"]
[WhiteElo "1524"]
[BlackElo "1825"]
[PlyCount "0"]
[EventDate "2023.07.25"]
[EventRounds "7"]
[EventCountry "ENG"]

1. d4 d5 2. c4 e6 3. Nc3 Nf6 4. Bg5 Be7 5. Nf3 O-O 6. e3 Nbd7 7. Bd3 b6 8. Rc1 c5
9. O-O Bb7 10. Re1 h6 11. Bh4 Ne4 12. Bxe7 Qxe7 13. cxd5 exd5 14. Nd2 Ndf6 15. f3
Nxc3 16. Rxc3 Rfe8 17. Re2 c4 18. Bb1 Qd7 19. Qe1 b5 20. Rc1 Rac8 21. Kh1 a5 22.
a3 b4 23. axb4 axb4 24. h3 g6 25. Qg3 Kg7 26. Qf2 Rcd8 27. e4 dxe4 28. Rxc4 exf3
29. Rxe8 fxg2+ 30. Kg1 Qxh3 31. Qe2 Qh1+ 32. Kf2 g1=Q#  0-1